| 000 | 00700nam a2200217 a 4500 | ||
|---|---|---|---|
| 005 | 20240925064700.0 | ||
| 008 | 011011s2000 mx r 000 0 spa d | ||
| 035 | _aUPN01000112917 | ||
| 049 | _aCG | ||
| 050 | 4 |
_aHC133 _bV5.4 |
|
| 100 | 1 |
_aVidal Bonifaz, José Gregorio, _d1955- _939355 |
|
| 245 | 1 | 0 |
_aGrandes empresas, economía y poder en México / _cGregorio Vidal. |
| 260 |
_aMéxico : _bUAM-Iztapalapa : _bPlaza y Valdés, _c2000. |
||
| 300 | _a236 p. | ||
| 440 | 0 | _aSH | |
| 650 | 2 |
_aCrisis económicas _96212 |
|
| 650 | 4 |
_aEconomía _xMéxico _zHistoria _914367 |
|
| 650 | 4 |
_aPoder (Ciencias sociales) _91203 |
|
| 651 | 7 |
_aMéxico _xCondiciones económicas _xHistoria _2 _94698 |
|
| 905 | _aLibro | ||
| 999 |
_c86825 _d86825 |
||